Library of the University of Algiers 3
Ibrahim Sultan Cheibout
شعار جامعة الجزائر 3
مكتبة جامعة الجزائر 3
إبراهيم سلطان شيبوط

خصخصة مشروعات البنية الأساسية : (رقم التسجيلة. 46194)

تفاصيل مارك
000 -LEADER
fixed length control field 01156nam a2200253Ia 4500
003 - CONTROL NUMBER IDENTIFIER
control field Ost
005 - DATE AND TIME OF LATEST TRANSACTION
control field 20260507075747.0
008 - FIXED-LENGTH DATA ELEMENTS--GENERAL INFORMATION
fixed length control field 260507s9999||||xx |||||||||||||| ||und||
020 ## - INTERNATIONAL STANDARD BOOK NUMBER
International Standard Book Number 105673977
040 ## - CATALOGING SOURCE
Transcribing agency fsecg
041 ## - LANGUAGE CODE
Language code of text/sound track or separate title ara
082 ## - DEWEY DECIMAL CLASSIFICATION NUMBER
Classification number 330
100 ## - MAIN ENTRY--PERSONAL NAME
Personal name كريستين، كسيدز
Relator term مؤلف
245 #0 - TITLE STATEMENT
Title خصخصة مشروعات البنية الأساسية :
Remainder of title المتطلبات والبدائل والخبرات /
Statement of responsibility, etc. كسيدز كريستين
260 ## - PUBLICATION, DISTRIBUTION, ETC.
Place of publication, distribution, etc. القاهرة:
Name of publisher, distributor, etc. المنظمة العربية للتنمية الإدارية,
Date of publication, distribution, etc. 1997
300 ## - PHYSICAL DESCRIPTION
Extent 170 صفحة؛
Other physical details إيضاحات ؛
Dimensions 25 سم
490 ## - SERIES STATEMENT
Series statement سلسلة بحوث ودراسات
Volume/sequential designation 345
520 ## - SUMMARY, ETC.
Summary, etc. الإطار لتحليل ترتيبات المؤسسة في البنية الاساسية- خبرات مستفادة من ترتيبات مؤسسة بديلة- اشتراطات لضمان فاعلية الترتيبات المؤسسية.
653 ## - INDEX TERM--UNCONTROLLED
Uncontrolled term الإستثمارات الحكومية
653 ## - INDEX TERM--UNCONTROLLED
Uncontrolled term تمويل
653 ## - INDEX TERM--UNCONTROLLED
Uncontrolled term خصخصة المشروعات
700 ## - ADDED ENTRY--PERSONAL NAME
Personal name هندي، منير ابراهيم
Relator term مؤلف ثانوي
942 ## - ADDED ENTRY ELEMENTS (KOHA)
Koha item type كتب
المقتنيات
Withdrawn status Lost status Source of classification or shelving scheme Damaged status Not for loan Home library Current library Date acquired Serial enumeration / chronology Inventory number Total checkouts Full call number Barcode Date last seen Price effective from Koha item type
    Library of Congress Classification   NOT LOAN / إعارة داخلية مكتبة كلية العلوم الإقتصادية والعلوم التجارية وعلوم التسيير مكتبة كلية العلوم الإقتصادية والعلوم التجارية وعلوم التسيير 07/05/2026 الطابق الأرضي 1376/1   أ/1376ن1 1376/1 07/05/2026 07/05/2026 كتب

موارد الويب المفتوحة


© University of Algiers 3 All Rights Reserved
|
Implemented by LECHELAH Riad